[Event "AUT-ch Vor4 Internet"]
[Site "Playchess.com INT"]
[Date "2020.04.25"]
[Round "9"]
[White "Auinger, Marcel"]
[Black "Andreatta, Ralph"]
[Result "1-0"]
[WhiteElo "1808"]
[BlackElo "1623"]
[PlyCount "65"]
[EventDate "2020.04.25"]
[EventType "swiss (blitz)"]
[EventRounds "9"]
[EventCountry "AUT"]
[SourceTitle "EXT 2021"]
[Source "ChessBase"]
[SourceDate "2020.10.23"]
[SourceVersion "1"]
[SourceVersionDate "2020.10.23"]
[SourceQuality "1"]

1. e4 c5 2. Nc3 d6 3. g3 Nf6 4. Bg2 g6 5. d3 Bg7 6. f4 Nc6 7. Be3 a6 8. a4 Qc7 9. Nf3 Bd7 10. Qd2 Ng4 11. 0-0 Nxe3 12. Qxe3 0-0 13. Nd1 Nb4 14. Qd2 b5 15. axb5 Bxb5 16. Ne1 a5 17. c3 Nc6 18. Ne3 a4 19. N1c2 Na5 20. Rad1 Nb3 21. Qf2 e6 22. e5 dxe5 23. Bxa8 Rxa8 24. fxe5 Bxe5 25. Ng4 Bg7 26. Nf6+ Kh8 27. Qf4 Qe7 28. Ne4 Rd8 29. Ne1 Bxd3 30. Nxd3 c4 31. Ne5 Qa7+ 32. Kg2 Rf8 33. Rd7 1-0

[Event "AUT-ch Vor3 Internet"]
[Site "Playchess.com INT"]
[Date "2020.04.17"]
[Round "7"]
[White "Auinger, Marcel"]
[Black "Huber, Guenter"]
[Result "1-0"]
[WhiteElo "1808"]
[BlackElo "1979"]
[PlyCount "105"]
[EventDate "2020.04.17"]
[EventType "swiss (blitz)"]
[EventRounds "9"]
[EventCountry "AUT"]
[SourceTitle "CBM 195 Extra"]
[Source "ChessBase"]
[SourceDate "2020.05.31"]
[SourceVersion "1"]
[SourceVersionDate "2020.05.31"]
[SourceQuality "1"]

1. e4 e6 2. d4 b6 3. Nc3 Bb7 4. Bd3 Bb4 5. Nge2 Nf6 6. f3 c5 7. Be3 cxd4 8. Bxd4 Nc6 9. 0-0 Nxd4 10. Nxd4 Bxc3 11. bxc3 0-0 12. Qd2 a6 13. Nb3 Qc7 14. Rfe1 Rac8 15. c4 Nh5 16. Qf2 Qf4 17. Qe3 Qxe3+ 18. Rxe3 Nf4 19. Nd2 Ng6 20. Rb1 Rc6 21. Be2 Rb8 22. Reb3 Bc8 23. c3 Nf4 24. Kf2 d5 25. cxd5 exd5 26. exd5 Nxd5 27. Ne4 b5 28. c4 Nf4 29. cxb5 Rc2 30. Re1 axb5 31. Ke3 Nxg2+ 32. Kd3 Nxe1+ 33. Ke3 Bf5 34. Nd6 Bg6 35. Bxb5 Ng2+ 36. Kd4 Rd8 37. Ke5 f6+ 38. Ke6 Nf4+ 39. Ke7 Rxd6 40. Kxd6 h5 41. a4 Rxh2 42. Rb4 Ra2 43. Bc4+ Bf7 44. Bxa2 Bxa2 45. Rxf4 Kf7 46. a5 g5 47. Ra4 Bb1 48. a6 g4 49. a7 g3 50. a8Q g2 51. Ra7+ Kg6 52. Qg8+ Kf5 53. Qxg2 1-0

[Event "AUT-ch Vor2 Internet"]
[Site "Playchess.com INT"]
[Date "2020.04.13"]
[Round "1"]
[White "Freitag, Manfred"]
[Black "Auinger, Marcel"]
[Result "1-0"]
[WhiteElo "2356"]
[BlackElo "1808"]
[PlyCount "103"]
[EventDate "2020.04.13"]
[EventType "swiss (blitz)"]
[EventRounds "9"]
[EventCountry "AUT"]
[SourceTitle "CBM 195 Extra"]
[Source "ChessBase"]
[SourceDate "2020.05.31"]
[SourceVersion "1"]
[SourceVersionDate "2020.05.31"]
[SourceQuality "1"]

1. e4 c6 2. Nc3 d5 3. Nf3 dxe4 4. Nxe4 Bf5 5. Ng3 Bg6 6. h4 h6 7. Ne5 Bh7 8. Qh5 Qd5 9. Bc4 g6 10. Bxd5 gxh5 11. Bxf7+ Kd8 12. Bb3 Kc7 13. d4 Nf6 14. Bf4 Kb6 15. 0-0-0 Nbd7 16. Nc4+ Ka6 17. Rhe1 Rd8 18. a4 Nb6 19. Nxb6 axb6 20. Bc4+ Ka7 21. Be6 Nd5 22. Be5 Rg8 23. Bxg8 Bxg8 24. Nxh5 e6 25. c3 Bh7 26. Nf6 Bg6 27. h5 Bf7 28. g4 c5 29. Nxd5 Rxd5 30. c4 Rd7 31. dxc5 Rxd1+ 32. Rxd1 Bxc5 33. Bd4 Be7 34. Be3 Be8 35. b3 Bc6 36. f4 Bf3 37. Rg1 Be4 38. a5 Ba3+ 39. Kd2 Bb4+ 40. Ke2 Bxa5 41. g5 hxg5 42. fxg5 Bc3 43. g6 Bg7 44. h6 Bf8 45. g7 Bxg7 46. hxg7 Bh7 47. Rh1 Bg8 48. Rh8 Bf7 49. Rf8 Bh5+ 50. Kd2 Ka6 51. b4 e5 52. Ra8# 1-0